Регионална библиотека "Любен Каравелов" - Русе

Избрани разкази и пътеписи | Кардашев на лов (Запис номер 106746)

MARC детайли
000 -Лидер
Контролно поле с фиксирана дължина 02395nam a2200385 a 4500
003 - Код на организацията, давaща контролен номер
Контролно поле BLK
005 - Дата и час на последна редакция
Контролно поле 20250724164824.0
008 - Елементи от данни с фиксирана дължина
fixed length control field 180409b bul|||||r ||||||| ||bul||
010 ## - Наследен системен номер
LC control number KNG00112010000
020 ## - Международен стандартен номер на книга ISBN
Международен стандартен номер на книга ISBN 954-657-368-Х
020 ## - Международен стандартен номер на книга ISBN
Международен стандартен номер на книга ISBN 9789546573681
020 ## - Международен стандартен номер на книга ISBN
Международен стандартен номер на книга ISBN 9786192403850
040 ## - Източник на каталожния запис
Идентификатор на билиотеката - собственик на записа BLK
041 ## - Код за език
Код за езика на текст/звукозапис или на отделно заглавие Български
Код за езика КДБФ Български
080 ## - УДК
Текстов определител УДК Българска литература
УДК код - определител по УДК 821.163.2
УДК определител -32(081)
УДК - код + определител 821.163.2-32(081)
080 ## - УДК
Текстов определител УДК Българска литература
УДК код - определител по УДК 821.163.2
УДК определител -992(081)
УДК - код + определител 821.163.2-992(081)
100 1# - Редна дума - Автор
Автор Вазов, Иван Минчов
Авторска отговорност първи автор
R(LIN) 363396
139 ## - Редно поле
Редна дума Вазов, Иван Минчов
Авторски знак Вазов, Ив. - В 15
245 10 - Сведения за заглавието
Заглавие Избрани разкази и пътеписи
Редно поле (дума) Иван Вазов.
245 10 - Сведения за заглавието
Заглавие Кардашев на лов
257 ## - Страна на издаване
Страна на създаване/издаване България
260 ## - Област на издателските данни
Място на издаване, разпространение и проч. София
Име на издателя, разпространителя и проч. ПАН
Година на издаване 2002
Печатница София : Балкан прес
300 ## - Физическа характеристика
Страници 367 с.
Размери/Мащаб 20 см
380 ## - Жанр
Жанр Худож. лит.
490 ## - СЕРИИ (Колекции)
Име на серия Поредица Книги за ученика
9 (RLIN) 202156
500 ## - Общи забележки
Забележка Името на състав. отбелязано в изд. каре. - Първопроходникът / Ангел Малинов: с. 355-360. История на Вазовия разказ : из "Малък етюд на тема "Генезис на разказа" / Стефан Елевтеров: с. 361-362. Животопис: с. 363-365. - Съдържа: Иде ли? ; Хаджи Ахил ; Кандидат за "Хамама" ; Из кривините ; Gronde Maritza tiente de sang ; Пейзаж ; Той е млад, здрав, интелигентен ; "Травиата" ; Дядо Йоцо гледа ; Даскалите ; Една българка ; Павле Фертигът ; От оралото до урата ; Урок ; Тъмен герой ; Сладкодумен гост на държавната трапеза ; При Ивана Гърбата ; Апостолът в премеждие ; Чистият път ; Един кът от Стара планина ; Розовата долина и Тунджа. - Доп. тир. 2005.
852 ## - Местоположение
Форматна сигнатура Цб 218782
Фондова буква Хранилище
852 ## - Местоположение
Форматна сигнатура Цб 317615
Фондова буква Хранилище
856 4# - Електронен адрес и достъп
Електронен формат pdf - файл
Инструкция (цена за достъп) 0.00
Права за достъп disable
856 4# - Електронен адрес и достъп
Електронен формат pdf - файл
Инструкция (цена за достъп) 0.00
Права за достъп disable
999 ## - СИСТЕМНИ КОНТРОЛНИ НОМЕРА
Koha biblionumber 106746
Koha biblioitemnumber 106746
942 ## - АРТИКУЛИ
Вид на библиотечния материал Книги
Скрит в OPAC Не
Koha issues (borrowed), all copies 34
Периодичен библиозапис Да
944 ## - СЪЗДАВАНЕ И РЕДАКЦИЯ на ЗАПИСА
Създаване/Редакция Създаване
Дата на регистрацията/редакция 30.03.2004
Статус, дата на статуса Цветелина Шанова
Служител, извършил регистрацията/редакцията 30531
999 ## - СИСТЕМНИ КОНТРОЛНИ НОМЕРА
Koha biblioitemnumber 106746
999 ## - СИСТЕМНИ КОНТРОЛНИ НОМЕРА
Koha biblioitemnumber 106746
Наличности
Код за отписване Код за изгубен артикул Код за повреда Коз за рестрикции Код за отдаване Артикулен № Име на библиотеката - собственик Име на библиотеката, в която се намира в момента Статус (Текущо местоположение) Дата на вписване в системата Местоположение - отдел Цена в лева Инвентарен номер Систематично азбучна сигнатура Баркод Номер на екземпляра Цена в евро Служебна бележка Служебен тип на артикула Източник на класификационната схема
  Не е изгубен Не е повреден без рестрикции заемане за дома 172232 Регионална библиотека "Любен Каравелов" Русе Регионална библиотека "Любен Каравелов" Русе Заемна - подръчен фонд 2004-03-30 Заемна - подръчен фонд 3.01 120000684126 П 886.7-32/В 15 120000684126 1 1.54 Дост: Pk Вид: Ф N: 11249 Дата: 18.03.2004 Дата инв: 15.02.2018 Бележки инв: П2018 Книги  
  Не е изгубен Не е повреден без рестрикции заемане за дома 172233 Регионална библиотека "Любен Каравелов" Русе Регионална библиотека "Любен Каравелов" Русе Заемна - подръчен фонд 2004-03-30 Заемна - подръчен фонд 3.01 120000684127 П 886.7-32/В 15 120000684127 2 1.54 Дост: Pk Вид: Ф N: 11249 Дата: 18.03.2004 Дата инв: 15.02.2018 Бележки инв: П2018 Книги  
Изтеглен Не е изгубен Не е повреден без рестрикции заемане за дома 172234 Регионална библиотека "Любен Каравелов" Русе Регионална библиотека "Любен Каравелов" Русе Заемна - подръчен фонд 2004-03-30 Заемна - подръчен фонд 3.01 120000684128 П 886.7-32/В 15 120000684128 3 1.54 Дост: Pk Вид: Ф N: 11249 Дата: 18.03.2004 Книги Universal Decimal Classification
  Не е изгубен Не е повреден без рестрикции ползва се в читалня 172235 Регионална библиотека "Любен Каравелов" Русе Регионална библиотека "Любен Каравелов" Русе Хранилище 2017-10-27 Хранилище 5.50 120000816290 Цб 218782 120000816290 4 2.81 Дост: Dp Вид: Д N: 38 Дата: 18.08.2017 Книги  
  Не е изгубен Не е повреден без рестрикции заемане за дома 833437 Регионална библиотека "Любен Каравелов" Русе Регионална библиотека "Любен Каравелов" Русе Детски отдел 2021-05-28 Детски отдел 5.50   821.163.2-93/В 15 И 120000855339   2.81   Книги Universal Decimal Classification
  Не е изгубен Не е повреден без рестрикции заемане за дома 922594 Регионална библиотека "Любен Каравелов" Русе Регионална библиотека "Любен Каравелов" Русе Заемна - подръчен фонд 2023-01-27 Заемна - подръчен фонд 4.42   821.163.2-32/В 15 И 120000882082   2.26   Книги Universal Decimal Classification
  Не е изгубен Не е повреден без рестрикции заемане за дома 922595 Регионална библиотека "Любен Каравелов" Русе Регионална библиотека "Любен Каравелов" Русе Заемна - подръчен фонд 2023-01-27 Заемна - подръчен фонд 4.42   821.163.2-32/В 15 И 120000882085   2.26   Книги Universal Decimal Classification
  Не е изгубен Не е повреден без рестрикции заемане за дома 922596 Регионална библиотека "Любен Каравелов" Русе Регионална библиотека "Любен Каравелов" Русе Заемна - подръчен фонд 2023-01-27 Заемна - подръчен фонд 4.42   821.163.2-32/В 15 И 120000882084   2.26   Книги Universal Decimal Classification
  Не е изгубен Не е повреден без рестрикции заемане за дома 922597 Регионална библиотека "Любен Каравелов" Русе Регионална библиотека "Любен Каравелов" Русе Заемна - подръчен фонд 2023-01-27 Заемна - подръчен фонд 4.42   821.163.2-32/В 15 И 120000882083   2.26   Книги Universal Decimal Classification
  Не е изгубен Не е повреден без рестрикции заемане за дома 922598 Регионална библиотека "Любен Каравелов" Русе Регионална библиотека "Любен Каравелов" Русе Заемна - подръчен фонд 2023-01-27 Заемна - подръчен фонд 4.42   821.163.2-32/В 15 И 120000882086   2.26   Книги Universal Decimal Classification
  Не е изгубен Не е повреден само за читалня ползва се в читалня 928118 Регионална библиотека "Любен Каравелов" Русе Регионална библиотека "Любен Каравелов" Русе Хранилище 2023-05-10 Хранилище 5.90 120000887317 Цб 317615 120000887317   3.02   Книги Universal Decimal Classification
Vip Innovations Ltd, Rousse, Bulgaria 2025